000 00412nam a2200181Ia 4500
001 17690
005 20260306171535.0
008 260306s9999||||xx |||||||||||||| ||und||
041 _aESP
082 _a658.15
_bE95
100 _aEun, Cheol S.
_eAUT
245 0 _aAdministración financiera internacional
260 _c2007
300 _a
_c
650 _aGEN
654 _aCAN
942 _cLIB
_dJUS
_fJUS
_2ddc
_n
999 _c17690
_d17690